2943-美方郡(兵庫県)の駅 - Statistics

General Stats
  • This quiz has been taken 7 times
  • The average score is 7 of 9
Answer Stats
Answer % Correct
浜坂
100%
佐津
83%
香住
83%
諸寄
83%
柴山
67%
67%
餘部
67%
久谷
67%
居組
67%
No matching quizzes found
Score Distribution
Percent of People with Each Score
Percentile by Number Answered
Your Score History
You have not taken this quiz